En el corazón del corazón del país / (Record no. 71034)

MARC details
000 -LEADER
campo de control de longitud fija 00665nam a2200217 i 4500
001 - NÚMERO DE CONTROL
campo de control 71034
003 - IDENTIFICADOR DE NÚMERO DE CONTROL
campo de control ES-MaACL
005 - FECHA Y HORA DE LA ÚLTIMA TRANSACCIÓN
campo de control 20230906171010.0
007 - CAMPO FIJO DE DESCRIPCIÓN FÍSICA--INFORMACIÓN GENERAL
campo de control de longitud fija t|
008 - DATOS DE LONGITUD FIJA--INFORMACIÓN GENERAL
campo de control de longitud fija 040805s1985 sp ||||1| spa d
020 ## - NÚMERO INTERNACIONAL ESTÁNDAR DEL LIBRO
Número Internacional Estándar del Libro 84-204-2424-2
100 1# - ENTRADA PRINCIPAL--NOMBRE DE PERSONA
Nombre de persona Gass, William.
9 (RLIN) 55901
245 10 - MENCIÓN DEL TÍTULO
Título En el corazón del corazón del país /
Mención de responsabilidad, etc. William Gass ; traducción de Ana Antón Pacheco.
260 ## - PUBLICACIÓN, DISTRIBUCIÓN, ETC.
Lugar de publicación, distribución, etc. Madrid :
Nombre del editor, distribuidor, etc. Alfaguara,
Fecha de publicación, distribución, etc. 1985.
300 ## - DESCRIPCIÓN FÍSICA
Extensión 265 p. ;
Dimensiones 20 cm.
490 1# - MENCIÓN DE SERIE
Mención de serie Literatura Alfaguara ;
Designación de volumen o secuencia 177
700 1# - ENTRADA AGREGADA--NOMBRE PERSONAL
Nombre de persona Antón-Pacheco, Ana.
9 (RLIN) 21952
830 0# - PUNTO DE ACCESO ADICIONAL DE SERIE-TÍTULO UNIFORME
Título uniforme Literatura Alfaguara ;
Designación de volumen o secuencia 177
9 (RLIN) 178100
852 ## - LOCALIZACIÓN
Ubicación ES-MaACL
Número de control de estantería L-11159
Sublocalización o colección R.111874
Holdings
Estatus retirado Estado de pérdida Estado de daño No para préstamo Biblioteca de origen Biblioteca actual Ubicación en estantería Fecha de adquisición Fuente de adquisición Total de préstamos Signatura topográfica completa Código de barras Visto por última vez Precio de reemplazo Tipo de ítem Koha
        Biblioteca del Ateneo de Madrid Biblioteca del Ateneo de Madrid Depósito 2 17/01/2008     L-11159 1074381 23/02/2023 23/02/2023 Libro impreso